[Event "VI Torneo del Litorale A"]
[Site "Roma ITA"]
[Date "1998.02.15"]
[Round "3"]
[White "Quimi, Marco"]
[Black "Martelli, Andrea"]
[Result "1-0"]
[WhiteElo "2225"]
[BlackElo "1770"]
[PlyCount "153"]
[EventDate "1998.02.13"]

1.e4 e6 2.d4 d5 3.e5 c5 4.c3 Bd7 5.Nf3 Qb6 6.Be2 Nc6 7.O-O Nge7 8.Na3 cxd4
9.cxd4 Nf5 10.Nc2 Be7 11.b3 O-O 12.Bd3 Rac8 13.Bxf5 exf5 14.Ne3 Be6 15.g3 
Rc7 16.Kg2 Rfc8 17.h4 Nb4 18.Ba3 Qa5 19.Bxb4 Qxb4 20.Qb1 g6 21.h5 f6 22.
hxg6 hxg6 23.Rh1 Kg7 24.Qd3 Qc3 25.Qd1 fxe5 26.Nxe5 Bf6 27.Nf3 Qb4 28.Rh2 
Rh8 29.Rxh8 Kxh8 30.Qd3 Qd6 31.Qb5 Kg7 32.Rh1 a6 33.Qa5 Rc8 34.Qd2 Rh8 35.
Rxh8 Kxh8 36.Nc2 Kg7 37.Nce1 Qb6 38.Qe3 Bd7 39.Nd3 Qe6 40.Nfe5 Bxe5 41.Nc5
Qe7 42.Qxe5+ Qxe5 43.dxe5 Bc6 44.Ne6+ Kf7 45.Nd4 Bd7 46.f4 Ke7 47.Kf2 Kd8 
48.Ke3 Ke7 49.Nf3 Bc6 50.Kd4 b6 51.a3 Bb7 52.Ng5 Ba8 53.Nh7 Bc6 54.Nf6 Ke6
55.b4 Bb7 56.Ne8 Kd7 57.Nd6 Bc6 58.Nf7 Ke7 59.Nh8 Bd7 60.Nxg6+ Kf7 61.Nh4 
Be6 62.Nf3 Ke7 63.Ng5 Bg8 64.a4 Kd7 65.a5 bxa5 66.bxa5 Kc6 67.e6 Kd6 68.e7
Kxe7 69.Kc5 Kd7 70.Nf3 Kc7 71.Nd4 Bh7 72.Kxd5 Kd7 73.Ke5 Kc7 74.Nxf5 Kc6 
75.Nd6 Kc5 76.f5 Kb4 77.Nb7 1-0

[Event "VI Torneo del Litorale A"]
[Site "Roma ITA"]
[Date "1998.02.15"]
[Round "3"]
[White "Scagliarini, Bruno"]
[Black "Terreri, Amerigo"]
[Result "1-0"]
[WhiteElo "1758"]
[BlackElo "1561"]
[PlyCount "59"]
[EventDate "1998.02.13"]

1.c4 e5 2.g3 Nf6 3.Bg2 Bc5 4.Nc3 O-O 5.e3 c6 6.Nge2 d5 7.d4 exd4 8.exd4 
Bb4 9.cxd5 Nxd5 10.O-O Bxc3 11.bxc3 Nd7 12.c4 N5f6 13.d5 cxd5 14.cxd5 Nb6 
15.Nf4 Qd6 16.a4 Nc4 17.Qb3 Qa6 18.Re1 Bf5 19.Bf1 Rac8 20.Ba3 Rfd8 21.Be7 
Rd7 22.Bxf6 gxf6 23.Nh5 Rdc7 24.Qf3 Bg6 25.Nxf6+ Kf8 26.Qf4 Kg7 27.Ne8+ 
Rxe8 28.Rxe8 Qd6 29.Qd4+ Qf6 30.Rg8+ 1-0

[Event "VI Torneo del Litorale A"]
[Site "Roma ITA"]
[Date "1998.02.15"]
[Round "3"]
[White "Simeoni, Matteo"]
[Black "Corinthios, Raimondo"]
[Result "1-0"]
[WhiteElo "2035"]
[BlackElo "1468"]
[PlyCount "61"]
[EventDate "1998.02.13"]

1.e4 e5 2.Nf3 Nc6 3.d4 exd4 4.Nxd4 Bc5 5.Nf5 Qf6 6.Nc3 Nge7 7.Ne3 O-O 8.g3
d6 9.Bg2 Bb4 10.Bd2 Be6 11.O-O Bc5 12.Kh1 Rad8 13.f4 Qh6 14.Ng4 Bxg4 15.
Qxg4 Ne5 16.Qe2 N5c6 17.Rad1 Nd4 18.Qe3 f5 19.b4 Bb6 20.Na4 c5 21.b5 Qe6 
22.Nxb6 axb6 23.c3 fxe4 24.Bxe4 Ndf5 25.g4 Nh6 26.f5 Nhxf5 27.gxf5 Qf6 28.
c4 Kh8 29.Bc3 Qh4 30.Rf3 Qg4 31.Rg1 1-0

[Event "VI Torneo del Litorale A"]
[Site "Roma ITA"]
[Date "1998.02.15"]
[Round "3"]
[White "Tommasini, Enzo"]
[Black "Pagano, Sergio M."]
[Result "0-1"]
[WhiteElo "2095"]
[BlackElo "2200"]
[PlyCount "40"]
[EventDate "1998.02.13"]

1.d4 d6 2.e4 Nf6 3.f3 c6 4.c4 e5 5.Be3 Be7 6.Nc3 O-O 7.Nge2 Nbd7 8.Qd2 Nb6
9.Nc1 exd4 10.Bxd4 Be6 11.b3 d5 12.cxd5 cxd5 13.e5 Nfd7 14.Be2 Rc8 15.Nd3 
Bf5 16.O-O Re8 17.Kh1 Nf8 18.Nf2 Ne6 19.Bxb6 axb6 20.Nxd5 Bg5 0-1

[Event "VI Torneo del Litorale A"]
[Site "Roma ITA"]
[Date "1998.02.20"]
[Round "4"]
[White "Arca', Luciano"]
[Black "Simeoni, Matteo"]
[Result "0-1"]
[WhiteElo "1600"]
[BlackElo "2035"]
[PlyCount "122"]
[EventDate "1998.02.13"]

1.e4 c5 2.b4 cxb4 3.a3 bxa3 4.Nxa3 d5 5.exd5 Qxd5 6.Nb5 Qe5+ 7.Be2 Qxa1 8.
Nc7+ Kd8 9.Nxa8 Nc6 10.Nf3 Bf5 11.Ng5 Nh6 12.O-O Kc8 13.c3 Qa2 14.d4 f6 
15.Nf3 Kb8 16.d5 Nd8 17.Nb6 axb6 18.Bf4+ Kc8 19.Bb5 Nhf7 20.Nd4 g6 21.Re1 
Nd6 22.Bxd6 exd6 23.Re8 Bg7 24.Re7 Bf8 25.Re8 Bg7 26.Nxf5 gxf5 27.Re7 Bh6 
28.Qh5 Qb1+ 29.Bf1 Bd2 30.Qh4 Qb3 31.Qxf6 Rg8 32.Qxd6 Qxc3 33.Qd7+ Kb8 34.
Qd6+ Ka8 35.Qxb6 Qa5 36.Qb2 Bc3 37.Qc2 f4 38.Qxh7 Qxd5 39.Rc7 Be5 40.Qc2 
Bxc7 41.Qxc7 Ne6 42.Qf7 Rf8 43.Qe7 Rc8 44.h3 Kb8 45.Qf7 Rf8 46.Qe7 Rd8 47.
Qf7 Rd7 48.Qg8+ Kc7 49.Qg6 Nd4 50.Qf6 Qe4 51.Qf8 b6 52.Qa3 f3 53.Qc3+ Kb7 
54.Qb2 fxg2 55.Bxg2 Rg7 56.f3 Qe1+ 57.Kh2 Qg3+ 58.Kh1 Nxf3 59.Bxf3+ Qxf3+ 
60.Kh2 Qg3+ 61.Kh1 Qg1# 0-1

[Event "VI Torneo del Litorale A"]
[Site "Roma ITA"]
[Date "1998.02.20"]
[Round "4"]
[White "Corinthios, Raimondo"]
[Black "Gergely, Imre"]
[Result "0-1"]
[WhiteElo "1468"]
[BlackElo "1564"]
[PlyCount "98"]
[EventDate "1998.02.13"]

1.e4 c5 2.d4 cxd4 3.c3 Nf6 4.e5 Nd5 5.Qxd4 e6 6.Nf3 Nc6 7.Qe4 Qc7 8.Bd3 d6
9.exd6 Bxd6 10.Bd2 Nf6 11.Qe2 O-O 12.Bg5 Be7 13.Nbd2 Bd7 14.O-O Rac8 15.
Rad1 Rfd8 16.Bh4 Be8 17.Bb1 a6 18.Bg3 Bd6 19.Nc4 Bxg3 20.fxg3 Na5 21.Na3 
Nd5 22.Bxh7+ Kxh7 23.Ng5+ Kg8 24.Qh5 Nf6 25.Rxf6 Rxd1+ 26.Qxd1 gxf6 27.Ne4
Qe5 28.Qg4+ Kf8 29.Qh4 Ke7 30.Nc2 Bc6 31.Nxf6 Qxf6 32.Qb4+ Ke8 33.Qxa5 Bb5
34.h3 Qf1+ 35.Kh2 Bc6 36.Ne3 Qf2 37.Qg5 Rd8 38.Qg8+ Kd7 39.Qg5 Kc8 40.h4 
Qxb2 41.h5 Qxc3 42.Ng4 Qh8 43.Nf6 Rd1 44.g4 Rf1 45.Ng8 Kb8 46.Ne7 Qd4 47.
Nxc6+ bxc6 48.Qg8+ Ka7 49.Qc8 Qf4+ 0-1

[Event "VI Torneo del Litorale A"]
[Site "Roma ITA"]
[Date "1998.02.20"]
[Round "4"]
[White "Di Lascio, Savino"]
[Black "Casella, Carlo"]
[Result "1-0"]
[WhiteElo "1864"]
[BlackElo "1639"]
[PlyCount "89"]
[EventDate "1998.02.13"]

1.Nf3 d5 2.g3 Nf6 3.Bg2 Nc6 4.O-O e6 5.d3 Be7 6.Nbd2 O-O 7.e4 dxe4 8.dxe4 
e5 9.c3 h6 10.Qe2 Be6 11.Rd1 Qc8 12.Nf1 Bh3 13.Bh1 b5 14.Ne3 Qb7 15.Nd5 
Bg4 16.Rd3 Bxf3 17.Nxe7+ Nxe7 18.Rxf3 Nh7 19.h4 Rad8 20.Rd3 Rd6 21.Rxd6 
cxd6 22.Be3 Rd8 23.a4 a6 24.axb5 axb5 25.Ra7 Qc8 26.Rxe7 Nf6 27.Qc2 Re8 
28.Rxe8+ Qxe8 29.Bg2 Qc6 30.f3 Ne8 31.Kf2 Nc7 32.Bf1 Kf8 33.Qd2 Ke7 34.Bd3
f6 35.f4 Kf7 36.Qe2 Kf8 37.Qh5 Qa6 38.Qf5 Qa1 39.Qc8+ Ne8 40.Bxb5 Qxb2+ 
41.Be2 Ke7 42.f5 Qb1 43.Bh5 Qc2+ 44.Kg1 Qb1+ 45.Kh2 1-0

[Event "VI Torneo del Litorale A"]
[Site "Roma ITA"]
[Date "1998.02.20"]
[Round "4"]
[White "Esuperanzi, Gianbattista"]
[Black "Gardon, Ermanno"]
[Result "0-1"]
[WhiteElo "1627"]
[BlackElo "1818"]
[PlyCount "52"]
[EventDate "1998.02.13"]

1.e4 e6 2.d4 c5 3.Nf3 cxd4 4.Nxd4 Nf6 5.Nc3 Nc6 6.Bc4 Bb4 7.Bg5 Qa5 8.Bxf6
Bxc3+ 9.Kf1 Qc5 10.Bd3 Bxd4 11.Bxd4 Qxd4 12.Qg4 d5 13.Rd1 O-O 14.c3 Qc5 
15.exd5 exd5 16.Qh5 g6 17.Qg5 Be6 18.h4 Qe7 19.Qf4 d4 20.h5 Rad8 21.c4 Nb4
22.Bb1 Bxc4+ 23.Kg1 Rd5 24.g4 g5 25.Qd2 Qe2 26.Qxb4 Qxd1+ 0-1

[Event "VI Torneo del Litorale A"]
[Site "Roma ITA"]
[Date "1998.02.20"]
[Round "4"]
[White "Farina, Saverio"]
[Black "Tommasini, Enzo"]
[Result "0-1"]
[WhiteElo "2200"]
[BlackElo "2095"]
[PlyCount "94"]
[EventDate "1998.02.13"]

1.d4 d5 2.c4 e6 3.Nc3 f5 4.Bf4 c6 5.Nf3 Nf6 6.e3 Be7 7.Bd3 O-O 8.O-O Ne4 
9.Bxe4 fxe4 10.Ne5 Nd7 11.f3 exf3 12.Rxf3 Nxe5 13.Bxe5 Bf6 14.Bxf6 Rxf6 
15.Rxf6 Qxf6 16.Qh5 g6 17.Qh6 Bd7 18.Rf1 Qg7 19.Qxg7+ Kxg7 20.c5 e5 21.Kf2
Re8 22.b4 Bf5 23.Re1 Bd3 24.Rd1 Rf8+ 25.Kg3 e4 26.a4 g5 27.Rd2 h5 28.b5 
h4+ 29.Kg4 Kg6 30.bxc6 bxc6 31.Nd1 Ba6 32.Kh3 Bc8+ 33.g4 Rf3+ 34.Kg2 Bxg4 
35.Rf2 Rxf2+ 36.Nxf2 Bf3+ 37.Kf1 a5 38.Kg1 g4 39.Kf1 Kg5 40.Kg1 Kh5 41.Kf1
h3 42.Kg1 Kh4 43.Nh1 Bxh1 44.Kxh1 g3 45.Kg1 gxh2+ 46.Kh1 Kg4 47.Kxh2 Kf3 
0-1

[Event "VI Torneo del Litorale A"]
[Site "Roma ITA"]
[Date "1998.02.20"]
[Round "4"]
[White "Galdelli, Fabiano"]
[Black "Occhipinti, Massimo"]
[Result "1/2-1/2"]
[WhiteElo "1669"]
[BlackElo "1704"]
[PlyCount "117"]
[EventDate "1998.02.13"]

1.e4 c5 2.Nf3 d6 3.d4 cxd4 4.Nxd4 Nf6 5.Nc3 a6 6.Bg5 e6 7.f4 Qb6 8.Qd2 
Qxb2 9.Nb3 Qa3 10.Bxf6 gxf6 11.Be2 Nc6 12.O-O h5 13.Kh1 Qb4 14.Qe3 Na5 15.
a3 Nc4 16.Qd3 Nxa3 17.f5 Be7 18.Ra2 b5 19.Rfa1 Nc4 20.Nxb5 Qxb5 21.Qxc4 
Qxc4 22.Bxc4 O-O 23.Bxa6 exf5 24.Bxc8 Rxa2 25.Rxa2 Rxc8 26.exf5 d5 27.g3 
Bd6 28.Kg2 Be5 29.Nd2 Rc3 30.Nf3 Bd6 31.Ne1 Re3 32.Nf3 Bc5 33.Nh4 Re2+ 34.
Kh3 d4 35.Ra8+ Kg7 36.Ng2 Rxc2 37.Nf4 Bd6 38.Nxh5+ Kh6 39.Nxf6 d3 40.Ng4+ 
Kg7 41.Ra1 Re2 42.Rd1 d2 43.Kh4 Bb4 44.h3 Re1 45.Nf2 Kf6 46.Kg4 Bc3 47.Kf4
Be5+ 48.Kf3 Rxd1 49.Nxd1 Kxf5 50.Ne3+ Kg5 51.Nd1 f5 52.Kg2 Bd4 53.Kf3 Be5 
54.Kg2 Bd4 55.Kf1 Be5 56.Kf2 f4 57.gxf4+ Bxf4 58.Ke2 Kh4 59.Nf2 1/2-1/2

[Event "VI Torneo del Litorale A"]
[Site "Roma ITA"]
[Date "1998.02.20"]
[Round "4"]
[White "Martelli, Andrea"]
[Black "Abuhamdieh, Arafat"]
[Result "1/2-1/2"]
[WhiteElo "1770"]
[BlackElo "1357"]
[PlyCount "128"]
[EventDate "1998.02.13"]

1.Nf3 d5 2.c4 e6 3.b3 Nf6 4.Bb2 Be7 5.g3 O-O 6.Bg2 c5 7.e3 Nc6 8.O-O Qc7 
9.Nc3 dxc4 10.bxc4 a6 11.Ne2 Rd8 12.Qb3 Rb8 13.Qc3 b5 14.cxb5 axb5 15.d4 
b4 16.Qc2 Rb5 17.Rfc1 Qb8 18.Qa4 Bd7 19.dxc5 Rxc5 20.Rxc5 Bxc5 21.Qc2 Be7 
22.Rd1 Rc8 23.Qb1 Be8 24.Ng5 h6 25.Bxf6 hxg5 26.Bxe7 Nxe7 27.Nd4 Ba4 28.
Rc1 Rxc1+ 29.Qxc1 Qd6 30.Qc4 e5 31.Nb3 Bd7 32.Qc2 f5 33.Qd2 Qxd2 34.Nxd2 
e4 35.Bf1 Be6 36.Bc4 Bxc4 37.Nxc4 Nd5 38.Kf1 Nc3 39.a4 Nxa4 40.Ke2 Kf7 41.
Kd2 b3 42.Na5 Ke6 43.Nxb3 Ke5 44.Nd4 Nc5 45.Nc6+ Kd6 46.Nb4 Ne6 47.Ke2 g4 
48.Nc2 Ng5 49.Kf1 Kc5 50.Nd4 g6 51.Kg2 Kc4 52.Nc6 Nf3 53.h4 gxh3+ 54.Kxh3 
Kd3 55.g4 Ke2 56.gxf5 gxf5 57.Kg3 Kf1 58.Nd4 Ne5 59.Nxf5 Nd3 60.f4 exf3 
61.Kxf3 Ne1+ 62.Kf4 Ke2 63.e4 Nd3+ 64.Kg3 Ne5 1/2-1/2

[Event "VI Torneo del Litorale A"]
[Site "Roma ITA"]
[Date "1998.02.20"]
[Round "4"]
[White "Medori, Marco"]
[Black "Scagliarini, Bruno"]
[Result "0-1"]
[WhiteElo "1606"]
[BlackElo "1758"]
[PlyCount "70"]
[EventDate "1998.02.13"]

1.e4 e6 2.d4 d5 3.e5 c5 4.c3 Nc6 5.Nf3 Qb6 6.Be2 cxd4 7.cxd4 Nh6 8.Nc3 Nf5
9.Na4 Bb4+ 10.Bd2 Qa5 11.Bc3 b5 12.a3 Bxc3+ 13.Nxc3 b4 14.axb4 Qxb4 15.Qa4
Qxa4 16.Rxa4 h5 17.O-O Bd7 18.Nb5 O-O 19.Rfa1 Rfc8 20.g3 a5 21.h3 Rab8 22.
g4 hxg4 23.hxg4 Nh6 24.Ne1 Nxd4 25.Nxd4 Bxa4 26.Rxa4 Rxb2 27.Nd3 Rb1+ 28.
Kg2 Rc4 29.Rxc4 dxc4 30.Nc5 c3 31.Nc2 Rb2 32.Bd1 Rb1 33.Be2 Rc1 34.Bd3 
Nxg4 35.f4 Rxc2+ 0-1

[Event "VI Torneo del Litorale A"]
[Site "Roma ITA"]
[Date "1998.02.20"]
[Round "4"]
[White "Pagano, Sergio M."]
[Black "De Vita, Igor"]
[Result "1/2-1/2"]
[WhiteElo "2200"]
[BlackElo "2125"]
[PlyCount "135"]
[EventDate "1998.02.13"]

1.d4 Nf6 2.c4 g6 3.Nc3 Bg7 4.e4 d6 5.Be2 O-O 6.Nf3 Nbd7 7.O-O e5 8.Qc2 Re8
9.Rd1 c6 10.d5 c5 11.Ne1 Kh8 12.Bg5 a6 13.Rab1 Qc7 14.Qd2 Ng8 15.Bg4 Rf8 
16.Bxd7 Bxd7 17.Nd3 b5 18.b3 b4 19.Ne2 f5 20.f3 Nf6 21.Nf2 a5 22.Ra1 a4 
23.Bh6 fxe4 24.Bxg7+ Kxg7 25.fxe4 Ra7 26.h3 Rfa8 27.Qb2 axb3 28.axb3 Ra3 
29.Rxa3 Rxa3 30.Rf1 Qa5 31.Nc1 Qd8 32.Ncd3 Qe7 33.Ra1 Rxa1+ 34.Qxa1 h5 35.
Ne1 Be8 36.Nf3 Nh7 37.h4 g5 38.hxg5 Nxg5 39.Nh4 Bg6 40.Nxg6 Kxg6 41.Qa6 
Qf6 42.Qc8 Kg7 43.Qd7+ Kh6 44.Qc7 Nf7 45.Qc8 Qg6 46.Qf8+ Qg7 47.Qe7 Qg6 
48.Nh3 Kg7 49.Qh4 Qg4 50.Qe7 Qg3 51.Kh1 h4 52.Kg1 Qxb3 53.Qxh4 Qe3+ 54.Kh1
Qh6 55.Qe7 Qf6 56.Qa7 Kh6 57.Qd7 Qg6 58.Nf2 Kg7 59.Qb7 Qg5 60.Nh3 Qc1+ 61.
Kh2 Qe3 62.Qd7 b3 63.Qg4+ Kf8 64.Qc8+ Kg7 65.Qg4+ Kf8 66.Qc8+ Ke7 67.Qe6+ 
Kf8 68.Qc8+ 1/2-1/2

[Event "VI Torneo del Litorale A"]
[Site "Roma ITA"]
[Date "1998.02.20"]
[Round "4"]
[White "Russi, Roberto"]
[Black "Pagliarini, Altivio"]
[Result "1-0"]
[WhiteElo "1780"]
[BlackElo "1489"]
[PlyCount "71"]
[EventDate "1998.02.13"]

1.c4 c5 2.Nf3 Nc6 3.d4 cxd4 4.Nxd4 g6 5.Nc3 Bg7 6.e3 e6 7.Be2 Nge7 8.Nxc6 
Nxc6 9.Nb5 O-O 10.Nd6 a6 11.O-O Qc7 12.Rb1 Be5 13.c5 Ne7 14.f4 Bg7 15.b4 
Nf5 16.Bf3 Nxd6 17.Qxd6 Qxd6 18.cxd6 Rb8 19.Bb2 b5 20.Bxg7 Kxg7 21.Rbc1 
Bb7 22.Rc7 Bxf3 23.gxf3 Rb6 24.Rxd7 Rc8 25.Rd1 Rcc6 26.Rd8 Kf6 27.e4 e5 
28.fxe5+ Kxe5 29.Re8+ Kf4 30.d7 Rd6 31.Rxd6 Rxd6 32.d8=Q Rxd8 33.Rxd8 Kxf3
34.Rd7 f5 35.exf5 gxf5 36.Rxh7 1-0

[Event "VI Torneo del Litorale A"]
[Site "Roma ITA"]
[Date "1998.02.20"]
[Round "4"]
[White "Scacco, Mauro"]
[Black "Quimi, Marco"]
[Result "0-1"]
[WhiteElo "2050"]
[BlackElo "2225"]
[PlyCount "84"]
[EventDate "1998.02.13"]

1.e4 c5 2.Nf3 g6 3.Bc4 Bg7 4.O-O e6 5.c3 Qc7 6.Bb3 Nf6 7.e5 Ng4 8.d4 Nc6 
9.Na3 a6 10.Nc4 O-O 11.h3 b5 12.Nd6 Nh6 13.g4 cxd4 14.cxd4 Bb7 15.Bg5 f5 
16.Bxh6 Bxh6 17.gxf5 gxf5 18.h4 Nd8 19.d5 Kh8 20.Ng5 Bxg5 21.hxg5 Rg8 22.
Qh5 Bxd5 23.Bxd5 exd5 24.Rac1 Qb6 25.Rc3 Qd4 26.Re1 Qg4+ 27.Qxg4 fxg4 28.
Rc7 Rg7 29.Ne8 Ne6 30.Nxg7 Nxc7 31.Nh5 Ne6 32.Nf6 Nxg5 33.Rd1 d4 34.Nxg4 
Rf8 35.Nf6 Nf3+ 36.Kf1 Nxe5 37.Ne4 d5 38.Nc5 Ng4 39.Rxd4 Rxf2+ 40.Kg1 Rc2 
41.Nxa6 Nf6 42.Rb4 Rc6 0-1

[Event "VI Torneo del Litorale A"]
[Site "Roma ITA"]
[Date "1998.02.20"]
[Round "4"]
[White "Tosoni, Augusto"]
[Black "Corvi, Marco"]
[Result "1-0"]
[WhiteElo "1948"]
[BlackElo "2320"]
[PlyCount "135"]
[EventDate "1998.02.13"]

1.e4 c5 2.d4 cxd4 3.c3 dxc3 4.Nxc3 Nc6 5.Nf3 d6 6.Bc4 e6 7.O-O Nf6 8.Qe2 
a6 9.Rd1 Qc7 10.Bf4 Ne5 11.Nxe5 dxe5 12.Bg5 Be7 13.Rac1 Bd7 14.Bxf6 Bxf6 
15.Nb5 Qb6 16.Nd6+ Ke7 17.Nxf7 Rhf8 18.Qd2 Rxf7 19.Qxd7+ Kf8 20.Qxe6 Qxe6 
21.Bxe6 Re7 22.Rd6 g6 23.Rb6 Rd8 24.Bd5 Bg5 25.Rc3 Rdd7 26.Rcb3 Rc7 27.g3 
Bd2 28.Rxb7 Rxb7 29.Rxb7 Rxb7 30.Bxb7 a5 31.Kf1 Bc1 32.b3 Ke7 33.Ke2 Kd6 
34.Bd5 h6 35.Kf3 Ke7 36.Kg4 Kf6 37.Bc6 g5 38.Kh5 Kg7 39.h4 Kf6 40.Bd5 Bd2 
41.Kg4 Bc1 42.Kf3 Ke7 43.Ke2 Kd6 44.Kd3 Kc5 45.Be6 Ba3 46.Bg8 Bc1 47.Ke2 
Kd6 48.Kf3 Ke7 49.Kg4 Kf6 50.Kh5 Bd2 51.f3 Bc1 52.Bc4 Kg7 53.hxg5 hxg5 54.
a3 Kf6 55.b4 a4 56.b5 Bxa3 57.b6 Bd6 58.b7 a3 59.Kh6 Bb8 60.g4 Ba7 61.Kh7 
Bb8 62.Kg8 Ke7 63.Kg7 Kd6 64.Kf6 Kc5 65.Bd5 Kd4 66.Kxg5 Ke3 67.Kf5 Kxf3 
68.g5 1-0

[Event "VI Torneo del Litorale A"]
[Site "Roma ITA"]
[Date "1998.02.21"]
[Round "5"]
[White "Abuhamdieh, Arafat"]
[Black "Esuperanzi, Gianbattista"]
[Result "0-1"]
[WhiteElo "1357"]
[BlackElo "1627"]
[PlyCount "134"]
[EventDate "1998.02.13"]

1.Nf3 Nf6 2.g3 g6 3.Bg2 Bg7 4.O-O d6 5.d4 O-O 6.Re1 Nbd7 7.c4 c5 8.Nc3 Rb8
9.Rb1 a6 10.d5 Nb6 11.b3 Ng4 12.Bb2 Nd7 13.h3 Nge5 14.Nxe5 Nxe5 15.f4 Nd7 
16.e4 b5 17.cxb5 axb5 18.Bf1 Qa5 19.Qc2 c4 20.bxc4 bxc4 21.Bxc4 Qc5+ 22.
Kh2 Qxc4 23.Rec1 Bxc3 24.Bxc3 Rxb1 25.Rxb1 Ba6 26.Re1 Rc8 27.Re3 Nc5 28.e5
dxe5 29.fxe5 Qxd5 30.Qb1 Bb7 31.Re2 Qd3 32.Qxd3 Nxd3 33.Bd4 Rc4 34.Bg1 Re4
35.Rxe4 Bxe4 36.Bd4 Nb4 37.a4 Nc6 38.Bc3 Kg7 39.Kg1 f6 40.exf6+ exf6 41.
Kf2 Kf7 42.Ke3 f5 43.a5 Ke6 44.Kf4 Bg2 45.h4 Nd8 46.a6 Nf7 47.a7 Nd6 48.
Bd4 Nc4 49.Kg5 Kf7 50.Kh6 Kg8 51.h5 gxh5 52.Kxh5 Be4 53.Kg5 Nd6 54.Kf6 Nf7
55.Ke7 h6 56.Kd7 Kh7 57.Kc7 Kg6 58.Kb8 Kh5 59.Be5 Kg4 60.Bf4 Ng5 61.a8=Q 
Bxa8 62.Kxa8 h5 63.Be3 Ne4 64.Kb7 Nxg3 65.Kc6 h4 66.Bb6 Kh3 67.Kd5 Kg2 0-1

[Event "VI Torneo del Litorale A"]
[Site "Roma ITA"]
[Date "1998.02.21"]
[Round "5"]
[White "Casella, Carlo"]
[Black "Medori, Marco"]
[Result "0-1"]
[WhiteElo "1639"]
[BlackElo "1606"]
[PlyCount "72"]
[EventDate "1998.02.13"]

1.e4 c5 2.Nf3 Nc6 3.d4 cxd4 4.Nxd4 Nf6 5.Nc3 d6 6.Be2 e6 7.O-O Be7 8.Kh1 
O-O 9.f4 d5 10.e5 Ne8 11.Bg4 Nxd4 12.Qxd4 b6 13.Qd1 Bb7 14.Ne2 g6 15.Nd4 
Ng7 16.c3 Bc5 17.Bd2 Rc8 18.Be3 Kh8 19.Qe1 a6 20.Rf3 Nf5 21.Bxf5 gxf5 22.
Rh3 Rg8 23.Qe2 Rg4 24.Rf1 Qg8 25.Rff3 Qg6 26.Rfg3 Bxd4 27.Bxd4 b5 28.Qf2 
h5 29.Rf3 b4 30.Rxh5+ Qxh5 31.Rh3 Qxh3 32.gxh3 Rg6 33.Qh4+ Kg7 34.Qe7 Bc6 
35.Qxb4 Bb5 36.Qe7 Bd3 0-1

[Event "VI Torneo del Litorale A"]
[Site "Roma ITA"]
[Date "1998.02.21"]
[Round "5"]
[White "Cenni, Franco"]
[Black "Corinthios, Raimondo"]
[Result "1-0"]
[WhiteElo "1621"]
[BlackElo "1468"]
[PlyCount "99"]
[EventDate "1998.02.13"]

1.d4 Nf6 2.c4 e6 3.Nc3 Bb4 4.Bd2 O-O 5.e3 Bxc3 6.Bxc3 Ne4 7.Qc2 d5 8.Nf3 
b6 9.cxd5 exd5 10.Bd3 f5 11.O-O c5 12.Rad1 c4 13.Be2 Bb7 14.Nd2 Nc6 15.f3 
Nxc3 16.bxc3 Ne7 17.f4 Ng6 18.Nf3 Qf6 19.Ne5 Qe6 20.Qa4 Nxe5 21.fxe5 Bc6 
22.Qc2 Bd7 23.Rf2 Qh6 24.Qd2 a5 25.Rdf1 g6 26.Rf3 b5 27.a3 Ra6 28.Rh3 Qg7 
29.Rf4 g5 30.Rg3 Rg6 31.Rf1 f4 32.exf4 gxf4 33.Rxg6 Qxg6 34.Rxf4 Rxf4 35.
Qxf4 Qb1+ 36.Kf2 Bf5 37.Qg5+ Bg6 38.Qd8+ Kg7 39.Qxd5 Qf5+ 40.Qf3 Qe6 41.
Qb7+ Kh6 42.Qxb5 Qf5+ 43.Kg1 Qc2 44.Qxc4 Qc1+ 45.Bf1 Qxa3 46.d5 Qc1 47.d6 
Qe3+ 48.Kh1 Qxe5 49.d7 Qd6 50.Qh4+ 1-0

[Event "VI Torneo del Litorale A"]
[Site "Roma ITA"]
[Date "1998.02.21"]
[Round "5"]
[White "Corvi, Marco"]
[Black "Simeoni, Matteo"]
[Result "1-0"]
[WhiteElo "2320"]
[BlackElo "2035"]
[PlyCount "83"]
[EventDate "1998.02.13"]

1.Nf3 f5 2.d3 d6 3.e4 e5 4.Nc3 Nf6 5.Bg5 Be7 6.exf5 Bxf5 7.d4 Nfd7 8.Bxe7 
Qxe7 9.Nd5 Qd8 10.Bc4 e4 11.O-O Nb6 12.Nxb6 axb6 13.Re1 d5 14.Bb3 O-O 15.
Ne5 Kh8 16.Qh5 g6 17.Qh6 Nc6 18.f4 Nxe5 19.fxe5 c6 20.h4 Bg4 21.Rf1 Bh5 
22.Rxf8+ Qxf8 23.Qxf8+ Rxf8 24.Rf1 Kg7 25.c4 dxc4 26.Bxc4 Bg4 27.Rxf8 Kxf8
28.Kf2 Ke7 29.Ke3 Bf5 30.a3 b5 31.Ba2 b6 32.Bb1 Be6 33.Bxe4 Bd5 34.Bxd5 
cxd5 35.Kf4 h6 36.h5 Kf7 37.hxg6+ Kxg6 38.e6 Kf6 39.e7 Kxe7 40.Ke5 h5 41.
Kxd5 Kd7 42.g3 1-0

[Event "VI Torneo del Litorale A"]
[Site "Roma ITA"]
[Date "1998.02.21"]
[Round "5"]
[White "De Luca, Stefano"]
[Black "Farina, Saverio"]
[Result "0-1"]
[WhiteElo "1600"]
[BlackElo "2200"]
[PlyCount "98"]
[EventDate "1998.02.13"]

1.e4 e6 2.d4 d5 3.Nc3 c5 4.Nf3 Nc6 5.Bb5 Nf6 6.exd5 exd5 7.O-O Be7 8.Ne5 
Qb6 9.Be3 Qc7 10.Re1 O-O 11.Nxc6 bxc6 12.Bf1 c4 13.g3 Bg4 14.f3 Bf5 15.Bf4
Qd7 16.Na4 Rfe8 17.Nc5 Bxc5 18.Rxe8+ Rxe8 19.dxc5 Qe7 20.b3 Qxc5+ 21.Kg2 
c3 22.g4 Bg6 23.Bg3 a5 24.Bf2 Qd6 25.Qd4 Qb4 26.a3 Qxd4 27.Bxd4 Bxc2 28.
Bxc3 a4 29.bxa4 Bxa4 30.Bd4 Nd7 31.Rc1 f6 32.Ba6 Ne5 33.h3 g5 34.Bc5 Rb8 
35.Bb4 Bb5 36.Bxb5 Rxb5 37.Bd6 Nc4 38.Be7 Rb2+ 39.Kg3 Kf7 40.Re1 Rb3 41.
Bc5 Ne5 42.Re3 Rxe3 43.Bxe3 Nd3 44.a4 Ke6 45.a5 Nb4 46.h4 gxh4+ 47.Kxh4 
Na6 48.Kh5 c5 49.Kh6 d4 0-1

[Event "VI Torneo del Litorale A"]
[Site "Roma ITA"]
[Date "1998.02.21"]
[Round "5"]
[White "De Luca, Stefano"]
[Black "Puliatti, Carlo"]
[Result "1-0"]
[WhiteElo "1600"]
[BlackElo "1797"]
[PlyCount "83"]
[EventDate "1998.02.13"]

1.c4 Nf6 2.Nf3 g6 3.Nc3 Bg7 4.g3 d6 5.Bg2 O-O 6.O-O c6 7.e4 e5 8.d4 Qc7 9.
h3 Nbd7 10.Be3 Ne8 11.Qd2 f5 12.Bh6 Ndf6 13.Bxg7 Nxg7 14.exf5 gxf5 15.dxe5
dxe5 16.Rfe1 e4 17.Nd4 a6 18.Kh2 c5 19.Nde2 Be6 20.b3 Rad8 21.Qc1 Nfh5 22.
Qg5 Rd3 23.Rad1 Qe5 24.f4 Qd6 25.Rxd3 exd3 26.Ng1 Rf6 27.Bd5 d2 28.Rxe6 
Rxe6 29.Bxe6+ Qxe6 30.Qd8+ Ne8 31.Qxd2 Nef6 32.Nf3 h6 33.Ne5 Kg7 34.Qd8 b6
35.Qc7+ Kg8 36.Qd8+ Kg7 37.Qc7+ Kg8 38.Qb8+ Kg7 39.Qa7+ Kg8 40.Qxa6 Qd6 
41.Qc8+ Kg7 42.Qb7+ 1-0

[Event "VI Torneo del Litorale A"]
[Site "Roma ITA"]
[Date "1998.02.21"]
[Round "5"]
[White "Gardon, Ermanno"]
[Black "Di Lascio, Savino"]
[Result "1-0"]
[WhiteElo "1818"]
[BlackElo "1864"]
[PlyCount "59"]
[EventDate "1998.02.13"]

1.e4 c6 2.d4 d5 3.e5 Bf5 4.Nf3 e6 5.a3 Nd7 6.Nbd2 g5 7.g3 Be7 8.h3 h5 9.
Be2 Qa5 10.c3 b5 11.b4 Qc7 12.Nb3 Be4 13.Rh2 h4 14.Nxg5 hxg3 15.fxg3 Bg6 
16.Bf4 Bxg5 17.Bxg5 f6 18.Bf4 fxe5 19.dxe5 O-O-O 20.a4 Ne7 21.Nd4 a5 22.
axb5 axb4 23.cxb4 Kb7 24.bxc6+ Nxc6 25.Ba6+ Kb6 26.Nb5 Qb8 27.Be3+ d4 28.
Bxd4+ Nxd4 29.Qxd4+ Nc5 30.Qxc5# 1-0

[Event "VI Torneo del Litorale A"]
[Site "Roma ITA"]
[Date "1998.02.21"]
[Round "5"]
[White "Gergely, Imre"]
[Black "Galdelli, Fabiano"]
[Result "0-1"]
[WhiteElo "1564"]
[BlackElo "1669"]
[PlyCount "124"]
[EventDate "1998.02.13"]

1.d4 Nf6 2.c4 e6 3.Nc3 Bb4 4.e3 d5 5.Nf3 O-O 6.a3 Bxc3+ 7.bxc3 c5 8.Bd3 
Nc6 9.O-O Na5 10.Qe2 Nb3 11.Rb1 Nxc1 12.Rfxc1 Qc7 13.Ne5 b6 14.a4 Nd7 15.
Nxd7 Bxd7 16.Qc2 f5 17.Rb2 Bc6 18.Rcb1 Rab8 19.Qb3 Rb7 20.cxd5 exd5 21.c4 
Qd7 22.cxd5 Bxd5 23.Bc4 Rd8 24.dxc5 Bxc4 25.Qxc4+ Kh8 26.h3 Rc7 27.Rb5 
Rdc8 28.Qb3 Rxc5 29.Rxc5 Rxc5 30.Rd1 Qc7 31.Qe6 h6 32.Qd6 Rc1 33.Qxc7 Rxc7
34.Kf1 Kg8 35.Ke2 Kf7 36.Rd6 Ke7 37.Rg6 Kd8 38.Rd6+ Kc8 39.Kd3 Rd7 40.Rd4 
Rc7 41.g4 Rf7 42.f4 g5 43.fxg5 hxg5 44.gxf5 Rxf5 45.Rg4 Rf3 46.Rxg5 Rxh3 
47.Rg7 Kb8 48.Kd4 Rh5 49.e4 Ra5 50.e5 Kc8 51.Ke4 Rxa4+ 52.Kf5 Kd8 53.Ke6 
b5 54.Rg8+ Kc7 55.Ke7 Re4 56.e6 b4 57.Rd8 a5 58.Rd7+ Kb6 59.Rd6+ Kc5 60.
Kd7 b3 61.e7 b2 62.Rd1 a4 0-1

[Event "VI Torneo del Litorale A"]
[Site "Roma ITA"]
[Date "1998.02.21"]
[Round "5"]
[White "Iacoacci, Giancarlo"]
[Black "Arca', Luciano"]
[Result "1-0"]
[WhiteElo "1549"]
[BlackElo "1600"]
[PlyCount "151"]
[EventDate "1998.02.13"]

1.d4 Nf6 2.Nf3 g6 3.e3 Bg7 4.Bd3 c5 5.b3 cxd4 6.exd4 Nc6 7.a3 d6 8.Bb2 Bg4
9.Nbd2 Nd5 10.h3 Bxf3 11.Nxf3 Qb6 12.Be4 Nf6 13.Bd3 Nh5 14.c3 Nf4 15.Bf1 
O-O 16.g3 Nh5 17.Be2 Nf6 18.b4 Qc7 19.d5 Nb8 20.c4 Qd7 21.Qd3 Na6 22.Rb1 
Rac8 23.Nd2 Rfe8 24.Ne4 e5 25.Nxf6+ Bxf6 26.Bg4 Qe7 27.Bxc8 Rxc8 28.Qe2 
Qd7 29.Kf1 Qf5 30.Kg2 h5 31.Rbc1 Bg5 32.Rc2 Re8 33.Bc1 Bd8 34.Be3 b6 35.
Rhc1 Nc7 36.Qf3 Qd3 37.Bd2 Qxf3+ 38.Kxf3 e4+ 39.Kg2 f5 40.Bf4 Be7 41.h4 
Na6 42.Re2 Nb8 43.f3 Bf8 44.fxe4 Nd7 45.Rce1 fxe4 46.Rxe4 Rc8 47.Re8 Rxc4 
48.Bxd6 Kf7 49.Bxf8 Nxf8 50.R8e7+ Kf6 51.Rxa7 Rc2+ 52.Kg1 Rc8 53.Rb7 Kf5 
54.Rxb6 Nd7 55.Rc6 Ra8 56.Rc3 Ne5 57.Kg2 Rd8 58.Rd1 Ke4 59.d6 Ng4 60.Rc4+ 
Kf5 61.Rxg4 Kxg4 62.d7 Kf5 63.b5 Ke6 64.b6 Rxd7 65.Rxd7 Kxd7 66.Kf3 Kc6 
67.Kf4 Kxb6 68.Kg5 Kb5 69.Kxg6 Ka4 70.Kxh5 Kxa3 71.Kg5 Kb4 72.Kf6 Kc5 73.
h5 Kd6 74.h6 Kd7 75.h7 Kd6 76.g4 1-0